| 000 | 00878nas a2200277 4500 | ||
|---|---|---|---|
| 001 | BR2012002825 | ||
| 003 | BR-BrBNA | ||
| 005 | 20231205120446.0 | ||
| 007 | ta | ||
| 008 | 230509b bl.|||p| |||| 00| 00por d | ||
| 040 |
_aBR-BrBNA _bpor _cBiblioteca Nacional de Agricultura |
||
| 041 | _a(Pt) | ||
| 072 | _aP34 | ||
| 100 | 1 | _aMelloni, R. | |
| 100 | 1 | _aGuida, E. da C. | |
| 100 | 1 | _aAndrade, M.R. de | |
| 100 | 1 | _aMelloni, E.G.P. | |
| 245 | 1 | _aFungos micorrízicos arbusculares em solos da reserva biológica municipal Serra dos Toledos, Itajubá, MG | |
| 650 | _aMICORRIZA VESICULAR ARBUSCULAR | ||
| 650 | _aINOCULAÇÃO | ||
| 650 | _aBIOLOGIA DO SOLO | ||
| 650 | _aMINAS GERAIS | ||
| 773 | 0 |
_tCiência Florestal (Brazil) _xISSN 0103-9954 _g(Oct-Dec 2011), v. 21(4) p. 799-809 _wBR2012002825 |
|
| 909 |
_a202311 _bLúcia _c55 _dLúcia Elande |
||
| 942 |
_2AGRIS _n0 _cANA |
||
| 999 |
_c218605 _d218605 |
||